000 00612nam a22001935i 4500
001 158788
003 ES-MaACL
005 20230906211322.0
008 040906s1872 gw |||| | eng d
040 _aCAM
_bspa
_cCAM
100 _aMarlitt, E.
_9129515
245 1 4 _aThe princess of the moor
_b: (das haideprinzesschen) /
_cby E. Marlitt.
260 _aLeipzig :
_bBernhard Tauchnitz,
_c1872.
300 _a307 p. ;
_c16 cm.
490 1 _aCollection of German Authors ;
_v23
830 0 _aCollection of German Authors ;
_v23
_9187880
852 _aES-MaACL
_jG-11826
_z-- Enc. hol.
999 _c158788
_d158788